000 00777cam a22002534a 4500
001 13632559
003 ARRUPE
005 20130916124954.0
008 040622s2004 enk b 000 0 eng
010 _a 2004274909
020 _a0860123707 (pbk.)
040 _aDLC
_cDLC
_dDLC
050 0 0 _aBV2030
_b.M56 2004
082 0 0 _a266/.2
_222
245 0 0 _aMission and evangelization /
_cedited by Michael A. Hayes.
260 _aLondon ;
_aNew York :
_bBurns & Oates,
_cc2004.
300 _axix, 134p. ;
_c22 cm.
650 0 _aMissions.
_9150
650 0 _aEvangelistic work.
_9151
700 1 _aHayes, Michael A.
_9152
906 _a7
_bcbc
_corignew
_d2
_encip
_f20
_gy-gencatlg
942 _2lcc
_cMONOGRAPH
999 _c117785
_d117785